Process Dynamics and Control /

Na minha lista:
Detalhes bibliográficos
Main Authors: Seborg, Dale E (Author), Edgar, Thomas F (Author), Mellichamp, Duncan A (Author)
Formato: Livro
Idioma:inglês
Publicado em: New York : John Wiley & Sons, 1989
Colecção:Wiley Series in Chemical Engineering
Tags: Adicionar Tag
Sem tags, seja o primeiro a adicionar uma tag!

MARC

LEADER 00000nam a22000003a 4500
001 stu21116
005 20190206124514.8
008 950328s1989----xxu-----------------eng-d
020 |a 0-471-86389-0 
040 |a STU  |b slo 
041 0 |a eng 
044 |a xxu 
080 |a 66.012-52  |7 stu_us_auth*stu8283 
100 1 |a Seborg, Dale E  |4 aut 
245 1 |a Process Dynamics and Control /  |c [aut.]Seborg,Dale E., Edgar,Thomas F., Mellichamp,Duncan A 
260 |a New York :  |b John Wiley & Sons,  |c 1989 
300 |a 717 s :  |b Tab.,grafy,lit.,index 
700 1 |a Edgar, Thomas F  |4 aut 
700 1 |a Mellichamp, Duncan A  |4 aut 
830 0 |a Wiley Series in Chemical Engineering 
996 |b C91234  |c C*91234  |l CCXVI  |s P  |a 0  |w stu21116_0001